000 00743ntaaa2200181 4500
003 01
005 20251027202001.0
008 0714s1973 ag 01
040 _aAR-BaBN
_bspa
_cAR-BaBN
_eaacr
_dRIC
082 _a260.0000 Ed5
100 _aEdmeston, Rhoda C.
_918437
245 _aIglesia y nuestra responsabilidad frente a ella; tres conferencias, retiro espiritual.
250 _a1 ed. :
_bs.l.,
_cc/938
300 _a56 p.
500 _a"El ideal de la iglesia en la espístola a los Efesios" por la Dra. Rhoda C. Edmeston. "La iglesia evangélica: su esencia e ideales" por Dr. B. F. Stockwell. "Nuestra responsabilidad frente al futuro de la iglesia evangélica de nuestros padres" por E. C. Balloch.
650 _aIglesia
942 _cBK
999 _c14574
_d14574